La Prensa chilena y la codificación. 1822-1878
Furkejuvvon:
| Váldodahkki: | |
|---|---|
| Searvvušdahkki: | |
| Materiálatiipa: | Girji |
| Giella: | espánnjágiella |
| Almmustuhtton: |
Santiago, Chile:
La Comisión,
1966.
|
| Fáttát: | |
| Fáddágilkorat: |
Lasit fáddágilkoriid
Eai fáddágilkorat, Lasit vuosttaš fáddágilkora!
|
MARC
| LEADER | 00000cam a2200000 a 4500 | ||
|---|---|---|---|
| 001 | UCX4443 | ||
| 003 | CL-VaPUC | ||
| 005 | 20220822114323.0 | ||
| 008 | 920513e19660000CL |||||||||||||||||spa|d | ||
| 999 | |c 224896 |d 224894 | ||
| 040 | |c Pontificia Universidad Católica de Valparaíso | ||
| 082 | 0 | 4 | |a 346.83 FEL 1966 |2 21 |
| 100 | |a Feliú Cruz, Guillermo |e introducción |e recopilación |9 875405 | ||
| 110 | 2 | |a Comisión Nacional de Conmemoración de la Muerte de Andrés Bello |e author |9 320611 | |
| 245 | 1 | 3 | |a La Prensa chilena y la codificación. |b 1822-1878 |
| 246 | |a Antecedentes para la historia del Código Civil de Chile. | ||
| 260 | |a Santiago, Chile: |b La Comisión, |c 1966. | ||
| 300 | |a xxvi, 258 páginas. | ||
| 500 | |a c.6 Donación Familia Prof. Alejandro Guzmán Brito. | ||
| 583 | |a last modification |c 20161026 01:32:29 |k Rodrigo Vera | ||
| 650 | 0 | |a Derecho civil |9 255013 |x Historia |z Chile | |
| 650 | 0 | |a Codificación |9 258568 |x Historia |z Chile | |
| 852 | |a BIBCUR | ||
| 942 | |c BK |2 ddc |n 0 | ||
| 952 | |0 0 |1 0 |2 ddc |4 0 |6 346_830000000000000_FEL_1966 |7 0 |8 X |9 221930 |a BIBHIS |b BIBHIS |d 2019-11-15 |i 2908123 |o 346.83 FEL 1966 |p 2908123 |r 2024-01-30 |t 2 |w 2019-11-15 |y BK_X |k HIS | ||
| 952 | |0 0 |1 0 |2 ddc |4 0 |6 346_830000000000000_FEL_1966 |7 0 |8 DER_HDC |9 221931 |a BIBDER |b BIBDER |d 2019-11-15 |i 1892665 |o 346.83 FEL 1966 |p 1892665 |r 2019-11-15 |t 1 |w 2019-11-15 |x Ubicación 4to Piso |y BK |z Estos recursos deben solicitarse con anticipación |k DER | ||
| 952 | |0 0 |1 0 |2 ddc |4 0 |6 346_830000000000000_FEL_1966 |7 0 |8 X |9 221932 |a BIBHIS |b BIBHIS |d 2019-11-15 |i 1386395 |o 346.83 FEL 1966 |p 1386395 |r 2024-01-30 |t 3 |w 2019-11-15 |y BK_X |k HIS | ||
| 952 | |0 0 |1 0 |2 ddc |4 0 |6 346_830000000000000_FEL_1966 |7 0 |8 X |9 221933 |a BIBHIS |b BIBHIS |d 2019-11-15 |i 1386409 |o 346.83 FEL 1966 |p 1386409 |r 2024-01-30 |t 4 |w 2019-11-15 |y BK_X |k HIS | ||
| 952 | |0 0 |1 0 |2 ddc |4 0 |6 346_830000000000000_FEL_1966 |7 0 |8 X |9 221934 |a FDOBUD |b FDOBUD |d 2019-11-15 |i 4920147 |o 346.83 FEL 1966 |p 4920147 |r 2019-11-15 |t 5 |w 2019-11-15 |y BK_X |k BUD | ||
| 952 | |0 0 |1 0 |2 ddc |4 0 |6 346_830000000000000_FEL_1966 |7 1 |8 C_AGB |9 586156 |a BIBDER |b BIBDER |d 2022-08-11 |e Donación |i 5653963 |o 346.83 FEL 1966 |p 5653963 |r 2023-01-25 |t 6 |w 2022-08-11 |y BK_US |k AGB | ||